|
|
|
|
| LEADER |
00749nab a2200193 i 4500 |
| 001 |
acta51388 |
| 005 |
20250411123811.0 |
| 008 |
180424s1937 hu o 000 hun d |
| 040 |
|
|
|a SZTE Egyetemi Kiadványok Repozitórium
|b hun
|
| 041 |
|
|
|a hun
|
| 100 |
1 |
|
|a Jójárt Kálmán
|
| 245 |
1 |
0 |
|a Szempontok az új tanmenet összeállításához
|h [elektronikus dokumentum] /
|c Jójárt Kálmán
|
| 260 |
|
|
|c 1937
|
| 300 |
|
|
|a 451-453
|
| 490 |
0 |
|
|a Gyakorlati pedagógia
|v 3 No. 8
|
| 650 |
|
4 |
|a Társadalomtudományok
|
| 650 |
|
4 |
|a Oktatástudomány
|
| 695 |
|
|
|a Pedagógia - Magyarország - 20. sz., Nevelésügy - Magyarország - 20. sz., Pedagógia - gyakorlati
|
| 856 |
4 |
0 |
|u http://acta.bibl.u-szeged.hu/51388/1/gyakorlati_1937_008_451-453.pdf
|z Dokumentum-elérés
|